Responses for show #6673 - Wednesday, September 25, 2013

Contestants

Eric Winschel, a roofing contractor from Pasadena, California

Kamal Foreman, an attorney from Smyrna, Georgia

Neal Pollack, a writer from Austin, Texas (whose 1-day cash winnings total $26,000)

Jeopardy! Round responses

I SAW IT ON BUZZFEED
STRATEGY GAMES
THE BIBLE
THE TALES OF HASSELHOFF, MAN
ONE NATION
IN DIVISIBLE
(Alex: Each correct response in that category will be a word made up of the letters in the word "divisible".)
    $200 22
(Alex: [After reading the clue] ...but I do not.)

a sloth

Kamal
    $200 1
bridge

Neal
    $200 6
(Eric: Who is David?)

(King) Solomon

NealEric
    $200 7
Baywatch

Neal
    $200 12
Brazil

Eric
    $200 17
(Neal: What... is a vise?)

lid

Neal
Triple Stumper
    $400 23
(Alex: Correct, with less than a minute to go.)

IKEA

Eric
    $400 2
checkers

Neal
    $400 18
Methuselah

Kamal
    $400 8
Knight Rider

Eric
    $1,200 13
Sweden

Eric
    $600 29
[The end-of-round signal sounds.]

mugging

Triple Stumper
    $600 3
dominoes

Kamal
    $600 19
(Kamal: What is the Library at Alexandria?)

the Vatican Library

KamalEric
    $600 9
America's Got Talent

Neal
    $600 14
(Eric: What is Korea?)
(Alex: Be more specific.)

South Korea

Eric
    $600 28
a veil

Neal
    $800 25
"Thrift Shop"

Kamal
    $800 4
mah-jongg

Eric
    $800 20
the Four Horsemen of the Apocalypse

Kamal
    $800 10
Sons of Anarchy

Kamal
    $800 15
Armenia

Kamal
    $800 27
the vibes

Triple Stumper
    $1000 24
Grumpy Cat

Eric
    $1000 5
Civilization

Kamal
    $1000 21
Isaiah

Eric
    $1000 11
S.H.I.E.L.D.

Neal
    $1000 16
Bangladesh

Eric
    $1000 26
livid

Triple Stumper

Scores at the first commercial break (after clue 15):

Neal Kamal Eric
$2,600 $3,200 $3,000

Scores at the end of the Jeopardy! Round:

Neal Kamal Eric
$3,000 $4,800 $7,000

Double Jeopardy! Round responses

WE PROTEST!
AUTHORS ON AUTHORS
MOVIE ENDING LINE OF THE DECADE
FLOWERS
POLITICAL BEFORE & AFTER
STARTS WITH AN ANTONYM OF...
    $400 16
Tiananmen Square

Neal
    $400 5
(Rudyard) Kipling

Neal
    $400 6
Casablanca

Kamal
    $400 21
a dahlia

Eric
    $400 15
Olivia Newton-John Boehner

Kamal
    $400 30
a bigamist

Neal
    $800 17
Gandhi

Kamal
    $800 4
(Joseph) Conrad

Neal
    $800 7
King Kong

Kamal
    $800 22
the tulip

Kamal
    $800 14
Jerry Brown Betty

Kamal
    $800 29
(Neal: What is [*]d?)
[Initially ruled correct; reversed before Final Jeopardy!]

fatigue

Neal
Triple Stumper
    $1200 18
Kent State

Eric
    $1200 3
(Stephen) King

Kamal
    $1200 8
Alien

Kamal
    $1200 23
a gladiola

Eric
    $1200 13
Ayn Rand Paul

Eric
    $1200 28
badger

Neal
    $1600 19
Václav Havel

Neal
    $1600 2
Hemingway

Neal
    $1600 9
Planet of the Apes

Neal
    $1600 24
(Eric: What is jasmine?)

morning glory

NealEric
    $1600 12
Lindsey Graham cracker

Neal
    $1600 27
fastidious

Neal
    $2000 20
Guernica

Kamal
    $3,000 1
(Neal: Who is Thor Heyerdahl?)

Mark Twain

Neal
    $4,000 10
(Neal: What is Some Like it Hot?)

Seven Brides for Seven Brothers

Neal
    $2000 25
(Alex: And that would be [*], with a minute to go.)

the Cymbidium

Triple Stumper
    $2000 11
Ricky Bobby Jindal

Neal
    $2000 26
a farthing

Kamal

Scores at the end of the Double Jeopardy! Round:

Neal Kamal Eric
$10,000 $15,200 $9,400

[wagering suggestions for these scores]

Final Jeopardy! Round responses

20th CENTURY NAMES
(Alex: The famous [*] that prepares the ice surface.)
EricWho is Gordie Howe?
$9,000
NealWho is Zamboni?
$9,999
KamalWho is Bauer?
$4,801
Zamboni

Final scores:

Neal Kamal Eric
$19,999 $10,399 $400
2-day champion: $45,999 2nd place: $2,000 3rd place: $1,000

Game dynamics:

Coryat scores:

Neal Kamal Eric
$17,000 $15,200 $8,600
19 R,
4 W
(including 2 DDs)
18 R,
1 W
14 R
(including 1 DD),
2 W

Combined Coryat: $40,800

The J! Archive is created by fans, for fans. The Jeopardy! game show and all elements thereof, including but not limited to copyright and trademark thereto, are the property of Jeopardy Productions, Inc. and are protected under law. This website is not affiliated with, sponsored by, or operated by Jeopardy Productions, Inc. Join the discussion at JBoard.tv.